| 000 | 00585nam a2200229Ia 4500 | ||
|---|---|---|---|
| 008 | 191119s9999 xx 000 0 und d | ||
| 020 | _a978-981-48-4683-7 | ||
| 050 | _aMAIN BF 121 | ||
| 050 | _b.R38 2019 | ||
| 100 | _aRathus, Spencer A. | ||
| 245 | 0 | _aPsychology / | |
| 245 | 0 | _cSpencer A. Rathus. | |
| 250 | _a5th Edition | ||
| 260 | _aSingapore : | ||
| 260 | _bCengage Learning Asia, | ||
| 260 | _c2019 | ||
| 300 | _a442 pages : | ||
| 300 | _billustrations ; | ||
| 300 | _c25 cm. | ||
| 500 | _aIncludes bibliographic references and index. | ||
| 650 | _aPsychology. | ||
| 999 |
_c363086 _d363086 |
||